[Event "Wil Acrevis op 1st"]
[Site "Wil"]
[Date "2020.06.21"]
[Round "5"]
[White "Saxer, Bruno"]
[Black "Korovin, Timofey"]
[Result "1-0"]
[WhiteElo "1606"]
[BlackElo "1394"]
[PlyCount "67"]
[EventDate "2020.06.19"]
[EventType "swiss"]
[EventRounds "5"]
[EventCountry "SUI"]
[SourceTitle "CBM 197 Extra"]
[Source "ChessBase"]
[SourceDate "2020.09.30"]
[SourceVersion "1"]
[SourceVersionDate "2020.09.30"]
[SourceQuality "1"]

1. e4 c6 2. c4 e5 3. Nf3 d6 4. Nc3 Nf6 5. d3 Nbd7 6. Bg5 Be7 7. Be2 0-0 8. 0-0 Nb6 9. d4 exd4 10. Nxd4 Be6 11. Nxe6 fxe6 12. f4 Nfd7 13. Bxe7 Qxe7 14. b4 c5 15. a3 a6 16. bxc5 Nxc5 17. Rb1 Nbd7 18. Bg4 Nf6 19. Bf3 Rad8 20. Qc2 Qc7 21. g4 h6 22. Na4 Nxa4 23. Qxa4 Qc5+ 24. Kh1 Rf7 25. Rbd1 Ne8 26. f5 e5 27. Rd5 Qc6 28. Qb3 Rc8 29. Rc1 Nf6 30. Rd2 Qc5 31. h4 Rfc7 32. g5 Ne8 33. Bg4 Qc6 34. c5+ 1-0

[Event "Wil Acrevis op 1st"]
[Site "Wil"]
[Date "2020.06.19"]
[Round "1"]
[White "Korovin, Timofey"]
[Black "Dhenin, Philippe"]
[Result "0-1"]
[WhiteElo "1394"]
[BlackElo "1833"]
[PlyCount "56"]
[EventDate "2020.06.19"]
[EventType "swiss"]
[EventRounds "5"]
[EventCountry "SUI"]
[SourceTitle "CBM 197 Extra"]
[Source "ChessBase"]
[SourceDate "2020.09.30"]
[SourceVersion "1"]
[SourceVersionDate "2020.09.30"]
[SourceQuality "1"]

1. d4 Nf6 2. Nf3 d6 3. c4 g6 4. Nc3 Bg7 5. e4 0-0 6. Be2 e5 7. d5 Na6 8. 0-0 Nc5 9. Qc2 a5 10. Be3 Ng4 11. Bxc5 dxc5 12. h3 Nh6 13. Qd2 f6 14. Ne1 Nf7 15. Nd3 b6 16. f4 f5 17. Rfe1 exf4 18. Qxf4 fxe4 19. Qxe4 Bf5 20. Qf4 Bh6 21. Qg3 Qd6 22. Qxd6 cxd6 23. Nf4 Rae8 24. Bd3 Rxe1+ 25. Rxe1 Bxf4 26. Bxf5 gxf5 27. Rf1 Be3+ 28. Kh1 Ne5 0-1